000 00676nam a22002417a 4500
005 20170124110154.0
010 _a271484
020 _c00.00
035 _a271484
037 _bCen Lib/Ret
040 _aDPL
_bEN
082 _a662.6
_bWIL
100 _aWilliams, D. A
_934598
245 _aLiquid fuels /
_cby D. A. Williams [and] G.Jones
260 _aOxford
_bPergamon Press
_c1963
270 _aHeadington Hill Hall
_bOxford
300 _aviii,178p. :
_c18cm(Hb)
_bill.
500 _aIncludes index
650 _aLiquid fuels
_934599
650 _aLiquid fuels--Analysis
_934600
700 _aJones, G
_934601
942 _2ddc
_cEN
_h662.6
_mWIL
999 _c132401
_d132401